000 00807nam a2200229 i 4500
001 bg
245 0 0 _aPodstawy konstrukcji żelbetowych.
_nCz. 1,
_pWypadkowe brył naprężeń /
_cStefan Goszczyński [et al.].
260 _aKielce :
_bWydaw. Politechniki Świętokrzyskiej,
_c1996.
300 _a50 s. :
_brys., wykr. ;
_c24 cm.
490 1 _aMateriały Pomocnicze i Informacyjne,
_x0239-6394 ;
_vnr 72
504 _aBibliogr. s. 50.
650 9 _aKonstrukcje żelbetowe
650 9 _aNaprężenia i odkształcenia
655 _aPodręczniki akademickie
700 1 _aGOSZCZYŃSKI, Stefan.
_eRed.
830 _aMateriały Pomocnicze i Informacyjne,
_x0239-6394 ;
040 _cBPK
041 0 _apl
080 _a624.012.45:624.04](075.8)
942 _cKS
008 s pl f |000 0 pol
999 _c24906
_d24906
856 _uhttp://koha.tu.koszalin.pl/cgi-bin/koha/opac-detail.pl?biblionumber=24906
_yKatalog online BPK